Greening Through IT-Information Technology for Environmental Sustainability (Record no. 86575)

MARC details
000 -LEADER
fixed length control field 00520nam a2200181Ia 4500
008 - FIXED-LENGTH DATA ELEMENTS--GENERAL INFORMATION
fixed length control field 230125s9999 xx 000 0 und d
020 ## - INTERNATIONAL STANDARD BOOK NUMBER
International Standard Book Number 978-0-26571-508-6
041 ## - LANGUAGE CODE
Language code of text/sound track or separate title eng
082 ## - DEWEY DECIMAL CLASSIFICATION NUMBER
Classification number 003.54
Item number TOM
100 ## - MAIN ENTRY--PERSONAL NAME
Personal name Tomlinson B
9 (RLIN) 109912
245 ## - TITLE STATEMENT
Title Greening Through IT-Information Technology for Environmental Sustainability
260 ## - PUBLICATION, DISTRIBUTION, ETC. (IMPRINT)
Date of publication, distribution, etc. 2010
Name of publisher, distributor, etc. The MIT Press
Place of publication, distribution, etc. London
300 ## - PHYSICAL DESCRIPTION
Extent 210p
500 ## - GENERAL NOTE
Keywords IT
650 ## - SUBJECT ADDED ENTRY--TOPICAL TERM
Topical term or geographic name as entry element Computer Management
700 ## - ADDED ENTRY--PERSONAL NAME
Personal name Tomlinson B
9 (RLIN) 109912
Holdings
Withdrawn status Lost status Damaged status Not for loan Home library Current library Date acquired Vendor Cost, normal purchase price Bill number Total Checkouts Full call number Barcode Date last seen Cost, replacement price Bill Date Koha item type Original Barcode
        Smt. Hiraben Nanavati Institute of Management & Research for Women Smt. Hiraben Nanavati Institute of Management & Research for Women 20/03/2013 Flipkart 684.00 DEL20130200214574   003.54 TOM B11857 HIMR-BK-11857 25/01/2023 684.00 13/02/2013 Books B11857